000 00338nam a2200133Ia 4500
003 OSt
005 20240404093433.0
020 _a978-1-56024-003-7
040 _cLCC
050 _aZ 695 .Z8 S781990
100 _aSTUDWELL,WILLIAM E.
245 0 _aLIBRARY OF CONGRESS SUBJECT HEADING
_bPHILOSOPHY, PRACTICE AND PROSPECTS
942 _cBK
_2ddc
999 _c206778
_d206778